|
|
|
|
| LEADER |
01504nam a2200421 a 4500 |
| 001 |
nkc20091852882 |
| 003 |
CZ PrNK |
| 005 |
20090603102530.0 |
| 007 |
ta |
| 008 |
090331s2009 xr a e c 000 0 cze |
| 015 |
|
|
|a cnb001852882
|
| 020 |
|
|
|a 978-80-86543-20-8
|q (brož.)
|z 987-80-86543-20-3 :
|c Kč 220,00
|
| 035 |
|
|
|a (OCoLC)320222160
|
| 040 |
|
|
|a ABA001
|b cze
|
| 043 |
|
|
|a e-au---
|
| 045 |
|
|
|a u2u5
|
| 072 |
|
7 |
|a 73
|x Sochařství, keramika, porcelán, umělecké zpracování kovů
|2 Konspekt
|9 21
|
| 080 |
|
|
|a 737.1
|2 MRF
|
| 080 |
|
|
|a (436)
|2 MRF
|
| 080 |
|
|
|a (083.81)
|2 MRF
|
| 100 |
1 |
|
|a Novotný, Vlastislav
|7 jn20010309475
|4 aut
|
| 245 |
1 |
0 |
|a Mince Ferdinanda III. 1627-1657 /
|c Vlastislav Novotný
|
| 250 |
|
|
|a 1. vyd.
|
| 260 |
|
|
|a Hodonín :
|b Jarmila Novotná,
|c 2009
|
| 300 |
|
|
|a 91 s. :
|b il. ;
|c 17 cm
|
| 504 |
|
|
|a Obsahuje bibliografii
|
| 600 |
0 |
7 |
|a Ferdinand
|b III.,
|c římský císař, český a uherský král,
|d 1608-1657
|7 jo2004214956
|2 czenas
|
| 648 |
|
4 |
|a 1627-1657
|
| 650 |
0 |
7 |
|a mince
|7 ph115319
|z Rakousko
|y 17. stol.
|2 czenas
|
| 650 |
0 |
9 |
|a coins
|z Austria
|y 17th century
|2 eczenas
|
| 655 |
|
7 |
|a katalogy
|7 fd132535
|2 czenas
|
| 655 |
|
9 |
|a catalogs
|2 eczenas
|
| 910 |
2 |
|
|a BOA001
|b 1-1221.006
|
| 990 |
|
|
|a BK
|
| 995 |
|
|
|a 01
|
| 991 |
|
|
|b 200904
|c NOV
|
| 996 |
6 |
|
|b 2610373423
|c 1-1221.006
|l MZK
|r Sklad / do 1 hodiny
|n 0
|p p.v.
|w 000933938
|u 000010
|a 1
|e BOA001
|j MZK50
|s P
|
| 996 |
7 |
|
|b 2610373424
|c 1-1221.006
|l MZK
|r Sklad / do 1 hodiny
|n 3
|p p.v.
|w 000933938
|u 000020
|a 1
|e BOA001
|j MZK50
|s A
|